000 00281nam a2200121 a 4500
008 100921s1987|||| d
100 1 _ade Saint-Exupéry, Antoine
245 1 0 _aZem ľudí
260 _bTatran
_aBratislava
_c1987
020 _c33
044 _axo
_cSK
041 _aslo
999 _c10538
_d10538